| 000 | 01105cam a2200289 i 4500 | ||
|---|---|---|---|
| 001 | 19546220 | ||
| 005 | 20180827144439.0 | ||
| 008 | 180824s2018 nyu b 001 0 eng d | ||
| 010 | _a 2017011078 | ||
| 020 | _a9781138054684 | ||
| 020 | _z9781315166483 | ||
| 040 |
_aCO-BoUCM _bspa _cSaul Niño _dSaul Niño |
||
| 041 | 0 | _aeng | |
| 245 | 0 | 0 |
_aAfrican border disorders _baddressing transnational extremist organizations _cedited by Olivier J. Walther and William F.S. Miles |
| 260 |
_aLondon _aNew York _bRoutledge _c2018 |
||
| 300 | _axix, 209 páginas | ||
| 490 | 0 | _aRoutledge studies in African politics and international relations | |
| 650 | 7 |
_aViolencia política _zÁfrica _926287 |
|
| 650 | 7 |
_aViolencia _xAspectos religiosos _xIslam _9422 |
|
| 650 | 7 |
_aPolítica africana _921911 |
|
| 650 | 7 |
_aFundamentalismo islámico _zÁfrica _916217 |
|
| 651 | 0 |
_aÁfrica subsahariana _xLimites _993427 |
|
| 700 | 1 |
_aWalther, Olivier _eeditor _993428 |
|
| 700 | 1 |
_aMiles, William F. S. _eeditor _993429 |
|
| 942 |
_2DEWEY _a8 _cLIBRO _e1 _h303.60967 _mA258b |
||
| 999 |
_c310317 _d310317 |
||